LIBRARY & INFORMATION CENTRE, KCAET, TAVANUR

ONLINE PUBLIC ACCESS CATALOGUE (OPAC)

Mathematical hand book : higher mathematics / (Record no. 5476)

MARC details
000 -LEADER
fixed length control field 00982cam a2200193ua 4500
041 ## - LANGUAGE CODE
Language code of text/sound track or separate title eng
082 ## - DEWEY DECIMAL CLASSIFICATION NUMBER
Classification number 028.7151
Item number VYG/MA
100 ## - MAIN ENTRY--AUTHOR NAME
Personal name Vygodsky, .
245 ## - TITLE STATEMENT
Title Mathematical hand book : higher mathematics /
250 ## - EDITION STATEMENT
Edition statement 1 /
260 ## - PUBLICATION, DISTRIBUTION, ETC. (IMPRINT)
Place of publication Moscow :
Name of publisher Mir publishers ,
Year of publication 1975.
300 ## - PHYSICAL DESCRIPTION
Number of Pages 872 ; .
942 ## - ADDED ENTRY ELEMENTS (KOHA)
Koha item type Books
Holdings
Withdrawn status Lost status Damaged status Home library Current library Date acquired Full call number Accession Number Koha item type
      KAUAET   09/03/1987 028.7151 15997 Books
free website counter